<?xml version="1.0" encoding="UTF-8"?>
<record
    xmlns:xsi="http://www.w3.org/2001/XMLSchema-instance"
    xsi:schemaLocation="http://www.loc.gov/MARC21/slim http://www.loc.gov/standards/marcxml/schema/MARC21slim.xsd"
    xmlns="http://www.loc.gov/MARC21/slim">

  <leader>01972nam a2200205 a 4500</leader>
  <controlfield tag="008">180306s2005    AG a|||gr|||| 001 0 SPA d</controlfield>
  <datafield tag="020" ind1=" " ind2=" ">
    <subfield code="a">s/d</subfield>
  </datafield>
  <datafield tag="041" ind1=" " ind2=" ">
    <subfield code="a">spa</subfield>
  </datafield>
  <datafield tag="092" ind1=" " ind2=" ">
    <subfield code="c">808.8</subfield>
    <subfield code="l">11</subfield>
    <subfield code="s">CHI</subfield>
  </datafield>
  <datafield tag="100" ind1="1" ind2=" ">
    <subfield code="a">Chiappe, Lucas</subfield>
    <subfield code="9">3528</subfield>
  </datafield>
  <datafield tag="245" ind1=" " ind2=" ">
    <subfield code="a">Mari- Mari Epuyen.</subfield>
    <subfield code="b">Recuerdos de una comunidad a trav&#xE9;s de la voz de sus pobladores /</subfield>
    <subfield code="c">Lucas Chiappe</subfield>
  </datafield>
  <datafield tag="250" ind1=" " ind2=" ">
    <subfield code="a">1a. ed.</subfield>
  </datafield>
  <datafield tag="260" ind1=" " ind2=" ">
    <subfield code="a">Chubut:</subfield>
    <subfield code="b">El autor;</subfield>
    <subfield code="c">2005.</subfield>
  </datafield>
  <datafield tag="300" ind1=" " ind2=" ">
    <subfield code="a">146 p.</subfield>
  </datafield>
  <datafield tag="500" ind1=" " ind2=" ">
    <subfield code="a">Chiappe, L. (2005). Mari-Mari Epuyen. Recuerdos de una comunidad a trav&#xE9;s de la voz de sus pobladores. (1a ed.). Chubut : el autor.</subfield>
  </datafield>
  <datafield tag="505" ind1=" " ind2=" ">
    <subfield code="a">"Volvernos nativos no depende del color de nuestra piel sino de la relaci&#xF3;n que tengamos con la tierra. Depende de como sentimos y conocemos el suelo sobre el cual vivimos... Algunas personas est&#xE1;n comenzando a entender que quiere decir vivir cuidadosamente, sabiamente, vivir c&#xF3;modo en un territorio... Permitiendo que sus hijos, sus nietos y las generaciones que vengan en los pr&#xF3;ximos mil a&#xF1;os, tambi&#xE9;n puedan vivir all&#xED;. Eso es pensar como un nativo... Pensar en toda la gama de la vida que nos rodea. (G. Snyder). Escribir la historia de Epuy&#xE9;n siempre fue un desaf&#xED;o que sobrepaso mis posibilidades, a pesar de la gran tentaci&#xF3;n que significa. Sin embargo durante varios a&#xF1;os estuve recopilando una serie de entrevistas tratando de rescatar los relatos de sus ancianos pobladores, y, a trav&#xE9;s de estos cuentos y an&#xE9;cdotas lentamente fui armando un mosaico que refleja algunos de los acontecimientos que marcaron la historia de este valle durante el siglo pasado. La idea de publicar este primer volumen, con las voces de varios de sus viejos pobladores responde a la necesidad de registrar estas historias antes de que se conviertan en leyendas de marcos difusos o que se pierdan con el pasar de los a&#xF1;os y con la desaparici&#xF3;n de sus protagonistas.    </subfield>
  </datafield>
  <datafield tag="590" ind1=" " ind2=" ">
    <subfield code="a">Donaci&#xF3;n Dr. Julio Arce, marzo 2018.</subfield>
  </datafield>
  <datafield tag="655" ind1=" " ind2=" ">
    <subfield code="a">Literatura</subfield>
    <subfield code="9">2917</subfield>
  </datafield>
  <datafield tag="942" ind1=" " ind2=" ">
    <subfield code="2">ddc</subfield>
    <subfield code="c">LIT</subfield>
  </datafield>
  <datafield tag="999" ind1=" " ind2=" ">
    <subfield code="c">2688</subfield>
    <subfield code="d">2688</subfield>
  </datafield>
  <datafield tag="952" ind1=" " ind2=" ">
    <subfield code="0">0</subfield>
    <subfield code="1">0</subfield>
    <subfield code="2">ddc</subfield>
    <subfield code="4">0</subfield>
    <subfield code="7">0</subfield>
    <subfield code="a">BFM</subfield>
    <subfield code="b">BFM</subfield>
    <subfield code="c">CR</subfield>
    <subfield code="d">2018-03-06</subfield>
    <subfield code="e">Donaci&#xF3;n Dr. Julio Arce, Marzo 2018.</subfield>
    <subfield code="l">0</subfield>
    <subfield code="o">930 11 CHI</subfield>
    <subfield code="p">4194</subfield>
    <subfield code="r">2018-03-06</subfield>
    <subfield code="t">Ej. 1</subfield>
    <subfield code="w">2018-03-06</subfield>
    <subfield code="y">LIT</subfield>
    <subfield code="z">Donaci&#xF3;n Dr. Julio Arce, Marzo 2018.</subfield>
  </datafield>
</record>
